Sociology: Themes and perspectives (Record no. 11711)

MARC details
000 -LEADER
fixed length control field 00514nam a2200181Ia 4500
008 - FIXED-LENGTH DATA ELEMENTS--GENERAL INFORMATION
fixed length control field 230917s9999||||xx |||||||||||||| ||und||
020 ## - ISBN
Price RS995
040 ## - CATALOGING SOURCE
-- 217777
Original cataloging agency VIVEKANANDA LIBRARY
041 ## - Language
-- English
082 ## - DDC NUMBER
Classification number 301.04 H212S(8)
100 ## - MAIN ENTRY--PERSONAL NAME
Personal name Haralambos, Michael
245 #0 - TITLE STATEMENT
Title Sociology: Themes and perspectives
250 ## - EDITION STATEMENT
Edition statement 8th ed.
260 ## - PUBLICATION, DISTRIBUTION, ETC. (IMPRINT)
Place of publication, distribution, etc London
Name of publisher, distributor, etc Harpercollins Publications
Date of publication, distribution, etc 2013
300 ## - PHYSICAL DESCRIPTION
Pages 1098 p.
500 ## - GENERAL NOTE
General note 1586 19/06/2014 535 20/06/2014 Sociology Project (In the name of S.R A)
942 ## - ADDED ENTRY ELEMENTS (KOHA)
Koha item type Books
Holdings
Withdrawn status Lost status Damaged status Not for loan Location (home branch) Sublocation or collection (holding branch) Date acquired Koha issues (times borrowed) Koha full call number Accession No. Koha date last seen Koha item type
        VIVEKANANDA LIBRARY VIVEKANANDA LIBRARY 22/07/2014 1 301.04 H212S(8) 306896 22/01/2024 Books
        VIVEKANANDA LIBRARY VIVEKANANDA LIBRARY 22/07/2014 5 301.04 H212S(8) 307491 28/09/2024 Books
        VIVEKANANDA LIBRARY VIVEKANANDA LIBRARY 22/07/2014 5 301.04 H212S(8) 359743 28/04/2025 Books
© Designed and Maintained by Vivekananda Library, MDU Rohtak